NBA Year in Review: 2020–21 - Statistics

General Stats
  • This quiz has been taken 170 times
  • The average score is 8 of 14
Answer Stats
Hint Answer % Correct
Finals MVP Giannis Antetokounmpo
99%
All-Star Game MVP Giannis Antetokounmpo
99%
Most Valuable Player Nikola Jokić
95%
Defensive Player of the Year Rudy Gobert
82%
Assists Per Game Leader Russell Westbrook
75%
Triple-Doubles Leader Russell Westbrook
75%
Points Per Game Leader Stephen Curry
73%
Rookie of the Year LaMelo Ball
66%
Steals Per Game Leader Jimmy Butler
25%
Most Improved Player Julius Randle
20%
Rebounds Per Game Leader Clint Capela
19%
Sixth Man of the Year Jordan Clarkson
18%
Blocks Per Game Leader Myles Turner
17%
Coach of the Year Tom Thibodeau
12%
No matching quizzes found
Score Distribution
Percent of People with Each Score
Percentile by Number Answered
Your Score History
You have not taken this quiz